000 00620nam a2200193Ia 4500
020 _a0395744210
040 _cMRC
082 _a746 HOU 1995 A085 Or.
100 1 _aDelemeester, Greg
245 1 0 _aClassroom experiments :
_bto accompany Taylor's Economics : a user's guide /
246 1 4 _aClassroom experiments :
_ba user's guide.
260 _a[Boston?] :
_bHoughton Mifflin,
_cc1995.
300 _avi, 132 p. :
_bill. ;
_c28 cm.
500 _aManual which is meant to supplement the textbook Economics by John Taylor.
650 0 _aEconomics
700 1 _aNeral, John.
700 1 _aTaylor, John B.
942 _cEK
999 _c13855
_d13855